A pesca da baleia (Registo nº 1447)

Detalhes MARC
000 -Etiqueta do registo
Cabeçalho 00960nam0a2200289 4500
005 - Identificador da versão
Campo de controlo 20240813121836.0
010 ## - Número internacional normalizado dos livros (ISBN)
Número (ISBN) 9789720726780
021 ## - Número do Depósito Legal
Código do país PT
Número 376772/14
003 - Persistent Record Identifier
control field http://porbase.bnportugal.pt/ipac20/ipac.jsp?profile=bn&uri=full=3100024~!2664446~!0
100 ## - Dados gerais de processamento
Dados gerais de processamento 20150311d2014 a y0pory50030103ba
102 ## - Pais de publicação ou produção
País de publicação Portugal
101 0# - Língua de publicação
Língua do texto, banda sonora, etc. Português
215 ## - Descrição física 
Indicação específica da natureza do documento e extensão da espécie 75, [5] p.
Outras indicações físicas il. color
200 1# - Titulo e menção de responsabilidade
Título próprio A pesca da baleia
Informação de outro título e outras narrativas
Primeira menção de responsabilidade Raul Brandão
Outras menções de responsabilidade il. Daniel Silvestre da Silva
225 2# - Colecção 
Título próprio da colecção Educação literária
210 ## - Publicação, Distribuição, etc. 
Lugar da edição, distribuição, etc. Porto
Nome do editor, distribuidor, etc. Porto Ed.
Data da publicação, distribuição, etc. 2014
300 ## - Notas gerais 
Texto da nota Metas Curriculares
Texto da nota Plano Nacional de Leitura
606 ## - Nome comum usado como assunto
Número de registo de entrada de autoridade 0002010
Palavra de ordem Literatura portuguesa
Subdivisão de assunto Conto
Código do sistema CA
675 ## - Classificação Decimal Universal (CDU)
Notação 821.134.3-34
Edição 3ª ed.
Língua da edição por
702 ## - Nome de autor-pessoa física (responsabilidade secundária)
Número de registo de entrada de autoridade 0002104
Palavra de ordem Silva
Outra parte do nome não tomada para palavra de ordem Daniel Silvestre da
Datas 1979-
Código de função Ilustrador / Técnico de desenho computorizado
700 #1 - Nome de autor-pessoa física (responsabilidade principal)
Número de registo de entrada de autoridade 0002103
Palavra de ordem Brandão
Outra parte do nome não tomada para palavra de ordem Raul
Datas 1867-1930
966 ## - Identificação da Biblioteca
Sigla EB2,3ENM
942 ## - Elementos de entrada adicionados (Koha)
Tipo de item no Koha Livro
Exemplares
Situação do levantamento Origin of item (home branch) (coded) Biblioteca de empréstimo Código de barras Cota Circulation type (not for loan) Tipo de documento Nota do exemplar Damaged status
  Biblioteca Escolar Eng. Nuno Mergulhão Biblioteca Escolar Eng. Nuno Mergulhão BENM3522 82LP-34 BRA MET   Livro Sem mensagem  
  Biblioteca Escolar Eng. Nuno Mergulhão Biblioteca Escolar Eng. Nuno Mergulhão BENM3570 82LP-34 BRA MET PNL   Livro Sem mensagem  
  Biblioteca Escolar Eng. Nuno Mergulhão Biblioteca Escolar Eng. Nuno Mergulhão BENM3571 82LP-34 BRA MET PNL   Livro Sem mensagem  
  Biblioteca Escolar Eng. Nuno Mergulhão Biblioteca Escolar Eng. Nuno Mergulhão BENM3569 82LP-34 BRA MET PNL   Livro Sem mensagem